[Event "Druzynowe Mistrzostwa Polski Juniorow - I Liga"]
[Site "Ustron"]
[Date "2011-06-29"]
[Round "5.1"]
[White "Stankiewicz, Pawel"]
[Black "Blaszkiewicz, Mateusz"]
[Result "1-0"]
[WhiteTitle "I++"]
[BlackTitle "I"]
[WhiteElo "2096"]
[BlackElo "1901"]

1. e4 e5 2. Nf3 Nc6 3. Bb5 a6 4. Bxc6 dxc6 5. Nc3 Bd6 6. d4 exd4 7. Qxd4 f6
8. O-O Bg4 9. e5 Bxf3 10. exd6 cxd6 11. Qe3+ Ne7 12. Qxf3 Qd7 13. a4 d5 14. Rd1
O-O 15. Be3 Ng6 16. Ne2 Ne5 17. Qf4 Rfe8 18. Ng3 Rac8 19. c4 Qe6 20. cxd5 cxd5
21. Qf5 Qf7 22. Bd4 g6 23. Qf4 Rc4 24. Qd2 Nc6 25. Bb6 d4 26. Rdc1 h5 27. Ne2
Re4 28. f3 Re5 29. Nxd4 Qd5 30. Rxc4 Qxc4 31. Nxc6 bxc6 32. Be3 Qb3 33. Kf2
Rxe3 34. Ra3 Rd3 35. Qxd3 Qxb2+ 36. Kg3 Qe5+ 37. f4 h4+ 38. Kf3 Qh5+ 39. Kf2
Qc5+ 40. Ke2 Kg7 41. Rc3 Qe7+ 42. Kf2 Qb4 43. Qc4 Qd6 44. Rd3 Qc7 45. Kf3 a5
46. Qe6 Qb6 47. Rd7+ Kh6 48. Qxf6 1-0

[Event "Druzynowe Mistrzostwa Polski Juniorow - I Liga"]
[Site "Ustron"]
[Date "2011-06-29"]
[Round "5.2"]
[White "Chomski, Maciej"]
[Black "Lukasiewicz, Aleksander"]
[Result "1-0"]
[WhiteTitle "I"]
[BlackTitle "I"]
[WhiteElo "1842"]
[BlackElo "1925"]

1. d4 d5 2. c4 e6 3. Nc3 Nf6 4. Bg5 Nbd7 5. Nf3 Be7 6. e3 O-O 7. Rc1 c6 8. Bd3
dxc4 9. Bxc4 b5 10. Bd3 a6 11. O-O Bb7 12. a4 h6 13. Bxf6 Nxf6 14. Ne5 Rc8
15. Ne4 c5 16. Nxc5 Bxc5 17. dxc5 Qd5 18. Qf3 Rxc5 19. Rxc5 Qxc5 20. Qxb7 Qxe5
21. axb5 Rb8 22. Qxa6 Ng4 23. g3 Qh5 24. h4 g5 25. Qd6 Rf8 26. b6 gxh4 27. b7
Ne5 28. b8=Q Nf3+ 29. Kg2 Rxb8 30. Qxb8+ Kg7 31. Qf4 f5 32. Be2 h3+ 33. Kh1 1-0

[Event "Druzynowe Mistrzostwa Polski Juniorow - I Liga"]
[Site "Ustron"]
[Date "2011-06-29"]
[Round "5.3"]
[White "Grela, Kacper"]
[Black "Swiderski, Radoslaw"]
[Result "1-0"]
[WhiteTitle "II"]
[BlackTitle "II+"]
[WhiteElo "1728"]
[BlackElo "1817"]

1. e4 e5 2. Nf3 Nc6 3. Bb5 a6 4. Ba4 Nf6 5. O-O b5 6. Bb3 Be7 7. Re1 d6 8. c3
O-O 9. d3 Na5 10. Bc2 c5 11. Nbd2 Re8 12. Nf1 Bf8 13. Ng3 Nc6 14. h3 Ne7 15. a4
Bb7 16. d4 Ng6 17. Nf5 exd4 18. cxd4 Nxe4 19. axb5 Qd7 20. bxa6 Qxf5 21. axb7
Rxa1 22. Bxe4 Qd7 23. dxc5 d5 24. Qxd5 Qa4 25. Qc6 Rb8 26. Qxa4 Rxa4 27. c6 Bd6
28. Bxg6 hxg6 29. Rd1 Rc4 30. Rxd6 Rxc1+ 31. Kh2 Kf8 32. b4 Ke7 33. Rd7+ Ke8
34. b5 1-0

[Event "Druzynowe Mistrzostwa Polski Juniorow - I Liga"]
[Site "Ustron"]
[Date "2011-06-29"]
[Round "5.4"]
[White "Witczak, Jakub"]
[Black "Nowakowski, Artur"]
[Result "1-0"]
[WhiteTitle "II"]
[BlackTitle "II"]
[WhiteElo "1579"]
[BlackElo "1631"]

1. e4 e6 2. d4 d5 3. Nc3 Nf6 4. e5 Nfd7 5. Nce2 c5 6. c3 Nc6 7. f4 Be7 8. Nf3
O-O 9. g3 cxd4 10. cxd4 Qb6 11. Bh3 f5 12. O-O a5 13. Kh1 Qa6 14. Rg1 Nb4
15. Ne1 b5 16. a3 Nc6 17. g4 Kh8 18. gxf5 exf5 19. Nc3 Nxd4 20. Qxd4 Bc5
21. Qd3 Bxg1 22. Kxg1 Bb7 23. Qxb5 Qxb5 24. Nxb5 Nb6 25. Nd6 Bc8 26. Bd2 Nc4
27. Nxc4 dxc4 28. Bc3 Rd8 29. Nc2 g6 30. Nd4 Bb7 31. e6 Kg8 32. Re1 Re8 33. Bg2
Bxg2 34. Kxg2 Ra6 35. Re5 a4 36. Rc5 h6 37. Rxc4 g5 38. Kg3 Kh7 39. Rc7+ Kg6
40. e7 gxf4+ 41. Kxf4 Rd6 42. Nxf5 Rd1 43. Rc6+ Kf7 44. Rf6+ Kg8 45. Rg6+ Kf7
46. Rg7+ Ke6 47. Rg6+ Kf7 48. Rxh6 Rf1+ 49. Ke4 Rxf5 50. Kxf5 Kxe7 51. Rh7+ 1-0

[Event "Druzynowe Mistrzostwa Polski Juniorow - I Liga"]
[Site "Ustron"]
[Date "2011-06-29"]
[Round "5.5"]
[White "Grochocinska, Urszula"]
[Black "Delekta, Anna"]
[Result "1-0"]
[WhiteTitle "I+"]
[BlackTitle "I"]
[WhiteElo "1790"]
[BlackElo "1699"]

1. e4 c5 2. Nf3 Nc6 3. c3 Qa5 4. Bd3 e6 5. O-O Bd6 6. Na3 Qc7 7. Nb5 Qb8
8. Nxd6+ Qxd6 9. Bc2 e5 10. d4 exd4 11. cxd4 cxd4 12. Be3 Nge7 13. Nxd4 O-O
14. Nxc6 Qxc6 15. Rc1 Qe6 16. Bb3 Qxe4 17. Re1 Qh4 18. Rc4 Qf6 19. Rf4 Nf5
20. Bd4 Qg5 21. Rg4 Qh6 22. Qf3 d5 23. Bxd5 Bd7 24. Bxb7 Rae8 25. Qc3 Rxe1+
26. Qxe1 Re8 27. Qc3 Qd6 28. h3 h5 29. Rxg7+ Nxg7 30. Bxg7 h4 31. Bd4 Bf5
32. Qd2 Bg6 33. Bc3 Qf8 34. Qd4 Qh6 35. Bd2 Qh7 36. Bc6 Rc8 37. Bd7 Rf8
38. Qxa7 Be4 39. Bb4 Qg6 40. Bg4 Ra8 41. Qe3 Rxa2 42. Ba3 Ra1+ 43. Kh2 Rd1
44. Bf3 Bxf3 45. Qxf3 Rd3 46. Qf4 Qh5 47. Be7 Rd7 48. Bxh4 Qg6 49. Bf6 Rb7
50. Qe5 Kh7 51. Qd4 Rb8 52. b4 Rg8 53. g3 Qf5 54. Qh4+ Kg6 55. Bd4 Rb8 56. Be3
f6 57. Qh6+ Kf7 58. Bc5 Rc8 59. Qe3 Rh8 60. h4 Re8 61. Qb3+ Kg6 62. Be3 Qe5
63. b5 Rh8 64. Qd3+ f5 65. Bf4 Qc5 66. Qe2 Qb6 67. Be3 Qd6 68. Kg1 Qe5 69. Qc4
Rd8 70. Qc6+ Rd6 71. Qa8 Qxb5 72. Qg8+ Kf6 73. Bg5+ Ke5 74. Bf4+ Ke4 75. Bxd6
1-0

[Event "Druzynowe Mistrzostwa Polski Juniorow - I Liga"]
[Site "Ustron"]
[Date "2011-06-29"]
[Round "5.7"]
[White "Borawski, Jakub"]
[Black "Sowul, Bartosz"]
[Result "1/2-1/2"]
[WhiteTitle "II+"]
[BlackTitle "k"]
[WhiteElo "1899"]
[BlackElo "2178"]

1. e4 c5 2. Nf3 e6 3. d4 cxd4 4. Nxd4 Nc6 5. Nc3 Nf6 6. Ndb5 Bc5 7. Nd6+ Ke7
8. Nxc8+ Rxc8 9. Bd3 Re8 10. O-O Kf8 11. Bf4 d6 12. Kh1 h6 13. Bg3 Kg8 14. f4
a6 15. Bh4 b5 16. a3 Bd4 17. Rb1 Qb6 18. Ne2 Be3 19. Rf3 Ng4 20. Qe1 g5 21. h3
Nge5 22. fxe5 Nxe5 23. Bg3 Nxf3 24. gxf3 a5 25. Nc3 b4 26. Na4 Qa7 27. Bxd6 b3
28. cxb3 e5 29. Nc3 Qd4 30. Rd1 Qxd6 31. Qxe3 Qe6 32. Kh2 Qxb3 33. Rd2 Qe6
34. Nd5 Kg7 35. Qa7 Qd6 36. Qxa5 Rc1 37. Qb6 Qxb6 38. Nxb6 Rb8 39. Nd7 Rd8
40. Nxe5 h5 41. f4 f6 42. Nf3 g4 43. Nh4 Re1 44. Nf5+ Kf8 45. Re2 Rxe2+
46. Bxe2 Rd2 47. hxg4 Rxe2+ 48. Kg3 hxg4 49. Kxg4 Rxb2 50. Nd4 Ra2 51. Nb5 Rb2
52. Nd4 Ra2 53. Nb5 Rb2 54. Nd4 Rb8 55. Kf5 Kf7 56. Nc6 Rc8 57. Nb4 Rc5+
58. Nd5 Ra5 59. a4 Kg7 60. Ke6 Rxa4 61. e5 fxe5 62. fxe5 Re4 63. Nf6 Re1
64. Nd7 Rxe5+ 65. Nxe5 1/2-1/2

[Event "Druzynowe Mistrzostwa Polski Juniorow - I Liga"]
[Site "Ustron"]
[Date "2011-06-29"]
[Round "5.8"]
[White "Pietruszewski, Marcin"]
[Black "Zochowski, Kacper"]
[Result "0-1"]
[WhiteTitle "k"]
[BlackTitle "I"]
[WhiteElo "2111"]
[BlackElo "1942"]

1. e4 e5 2. Nf3 Nc6 3. Bb5 a6 4. Ba4 Nf6 5. O-O b5 6. Bb3 Be7 7. Re1 d6 8. c3
O-O 9. h3 Na5 10. Bc2 c5 11. d4 Qc7 12. Nbd2 Nc6 13. d5 Nd8 14. Nf1 Ne8 15. Ng3
g6 16. a4 Rb8 17. b4 c4 18. axb5 axb5 19. Bh6 Ng7 20. Ra5 f6 21. Qd2 Nf7
22. Bxg7 Kxg7 23. Nh2 Bd7 24. Rea1 Qc8 25. Ra6 Bd8 26. Qe3 Bc7 27. Kh1 Qd8
28. f4 Bb6 29. Qc1 exf4 30. Qxf4 Ne5 31. Nf3 Qc8 32. Nd4 Qb7 33. Qc1 Ra8
34. Qa3 Rae8 35. Kh2 h5 36. Nge2 g5 37. Ng3 Kg6 38. Ngf5 Nd3 39. Rf1 Rxe4
40. Nxd6 Bc7 41. Kh1 Qxd5 42. Qa2 Re3 43. Ne4 Qxe4 44. Bxd3 Rxh3+ 45. Kg1 Rxd3
46. Qf2 Bf4 0-1

[Event "Druzynowe Mistrzostwa Polski Juniorow - I Liga"]
[Site "Ustron"]
[Date "2011-06-29"]
[Round "5.9"]
[White "Smolarczyk, Tomasz"]
[Black "Murawko, Katarzyna"]
[Result "0-1"]
[WhiteTitle "II"]
[BlackTitle "I+"]
[WhiteElo "1575"]
[BlackElo "1796"]

1. e4 c5 2. Nf3 a6 3. d4 cxd4 4. Nxd4 d6 5. Nc3 Nf6 6. Be2 g6 7. f4 Nbd7 8. a4
Bg7 9. Be3 O-O 10. g4 Nc5 11. Bf3 Qa5 12. O-O Qb4 13. g5 Ng4 14. Bxg4 Bxg4
15. Qd2 e5 16. Nc6 bxc6 17. Qxd6 Qxb2 18. Qxc5 exf4 19. Bd4 Bxd4+ 20. Qxd4 Rad8
21. Qc5 Qxc2 22. Ra2 Qd3 23. Rxf4 Be6 24. Raf2 Rd4 25. Qxc6 Qe3 26. Qxe6 Qxf2+
27. Kxf2 fxe6 28. Rxf8+ Kxf8 29. Ke3 e5 30. h4 Ke8 31. a5 Kf7 32. Nd5 Ra4
33. Nf6 Ra3+ 34. Kd2 Kg7 35. Ne8+ Kh8 36. Nc7 Rxa5 37. Kd3 Ra4 38. Ne6 Kg8
39. Nc5 Rd4+ 40. Ke3 a5 41. Nb3 Ra4 42. Kd3 Kf7 43. Nc5 Rd4+ 44. Ke3 Ke7
45. Nb3 Ra4 46. Kd3 Ra3 47. Kc4 Rxb3 48. Kxb3 Kd6 49. Ka4 Kc5 50. Kxa5 Kd4
51. Kb6 Kxe4 52. Kc6 Kf4 53. Kd5 e4 54. Kd4 e3 55. Kd3 Kf3 56. Kd4 e2 57. Ke5
e1=Q+ 58. Kf6 Qc3+ 59. Kf7 Kg4 0-1

[Event "Druzynowe Mistrzostwa Polski Juniorow - I Liga"]
[Site "Ustron"]
[Date "2011-06-29"]
[Round "5.10"]
[White "Buraczewski, Rafal"]
[Black "Szostko, Jakub"]
[Result "0-1"]
[WhiteTitle "II"]
[BlackTitle "II"]
[WhiteElo "1621"]
[BlackElo "1610"]

1. Nf3 Nf6 2. c4 d5 3. g3 e6 4. Bg2 Be7 5. O-O O-O 6. b3 b6 7. Bb2 Bb7 8. d3
c5 9. Qc2 Nc6 10. a3 Qc7 11. e3 Rfd8 12. Nbd2 Rac8 13. Rac1 h6 14. Rfd1 a6
15. d4 Ne8 16. Qb1 Qb8 17. Qa1 Bf6 18. cxd5 Rxd5 19. e4 Rxd4 20. Nxd4 Nxd4
21. Re1 e5 22. Bc3 Bg5 23. Qb2 Nd6 24. Bxd4 cxd4 25. f4 exf4 26. h4 Be7
27. gxf4 Bxh4 28. Rf1 Nb5 29. Rxc8+ Bxc8 30. a4 Nc3 31. Nb1 Qc7 32. Nxc3 dxc3
33. Qc2 Qc5+ 34. Kh1 Bg3 35. Rf3 Qh5+ 36. Kg1 Qh2+ 37. Kf1 Bh3 38. Rxg3 Qxg3
39. Bxh3 Qxh3+ 40. Ke1 Qh1+ 41. Ke2 Qg2+ 42. Kd3 Qxc2+ 43. Kxc2 h5 44. Kxc3 h4
45. Kd4 h3 46. Kd5 h2 47. Kc6 h1=Q 48. Kxb6 Qxe4 49. Kxa6 Qb4 50. a5 Kf8
51. Ka7 Ke7 52. a6 Kd7 53. f5 Kc7 0-1

[Event "Druzynowe Mistrzostwa Polski Juniorow - I Liga"]
[Site "Ustron"]
[Date "2011-06-29"]
[Round "5.11"]
[White "Gorbacz, Dominika"]
[Black "Ostrowska, Dominika"]
[Result "0-1"]
[WhiteTitle "II+"]
[BlackTitle "k"]
[WhiteElo "1620"]
[BlackElo "1936"]

1. e4 c5 2. Nf3 d6 3. d4 cxd4 4. Nxd4 Nf6 5. Nc3 a6 6. f4 e6 7. Bd3 Nbd7 8. a4
b6 9. O-O Bb7 10. Qe1 Nc5 11. Nf3 Be7 12. Qg3 O-O 13. e5 Nfe4 14. Nxe4 Nxe4
15. Qe1 Nc5 16. Be2 dxe5 17. fxe5 f6 18. exf6 Bxf6 19. Bc4 Re8 20. Be3 Ne4
21. Rd1 Qc7 22. Qb4 Rac8 23. Bd3 Nc5 24. Bxc5 bxc5 25. Qg4 c4 26. Be2 Bd5
27. Nd4 Be5 28. h3 Rb8 29. Bf3 Bxf3 30. Rxf3 Rxb2 31. c3 Qb6 32. Kh1 Rb1
33. Rff1 Rxd1 34. Rxd1 Rd8 35. Qe4 Bxd4 36. cxd4 c3 37. Rc1 Rxd4 38. Qf3 c2
39. Rf1 h6 40. Qe2 Qb3 41. Qf2 Rd1 0-1

[Event "Druzynowe Mistrzostwa Polski Juniorow - I Liga"]
[Site "Ustron"]
[Date "2011-06-29"]
[Round "5.12"]
[White "Jaskiewicz, Kamila"]
[Black "Rudnik, Anna"]
[Result "0-1"]
[WhiteTitle "I"]
[BlackTitle "II+"]
[WhiteElo "1620"]
[BlackElo "1594"]

1. Nf3 d5 2. d4 Nf6 3. g3 Bf5 4. Bg2 c6 5. O-O e6 6. b3 Bd6 7. Bb2 Nbd7 8. c4
Rc8 9. Nbd2 Ne4 10. a3 Bg6 11. Nh4 Nxd2 12. Nxg6 hxg6 13. Qxd2 f5 14. Qe3 Kf7
15. Rac1 Qf6 16. Rb1 g5 17. f4 g4 18. Rf2 Rh5 19. Bf1 Rch8 20. Rg2 Qh6 21. Qf2
Nf6 22. e3 Ne4 23. Qc2 Rh3 24. Bd3 Rxg3 25. Rxg3 Nxg3 26. hxg3 Qh1+ 27. Kf2
Rh2# 0-1

[Event "Druzynowe Mistrzostwa Polski Juniorow - I Liga"]
[Site "Ustron"]
[Date "2011-06-29"]
[Round "5.13"]
[White "Duda, Jan-krzysztof"]
[Black "Adamowicz, Maciej"]
[Result "1-0"]
[WhiteTitle "FM"]
[BlackTitle "I+"]
[WhiteElo "2295"]
[BlackElo "1991"]

1. e4 c5 2. Nf3 e6 3. d4 cxd4 4. Nxd4 a6 5. Bd3 Bc5 6. Nb3 Be7 7. Qg4 g6
8. Nc3 d6 9. Qe2 Nc6 10. a4 Ne5 11. a5 Nf6 12. Bh6 Nfg4 13. Bd2 O-O 14. f4
Nxd3+ 15. cxd3 Nf6 16. Na4 Bd7 17. Nb6 Rb8 18. O-O Bb5 19. Nd4 Nd7 20. Nxb5
Nxb6 21. Nd4 Nd7 22. Be3 e5 23. Nf3 exf4 24. Bxf4 b6 25. Bd2 Nc5 26. Bh6 Re8
27. b4 Ne6 28. d4 bxa5 29. d5 Nc7 30. Nd4 Rxb4 31. Nc6 Qd7 32. Rxf7 Kxf7
33. Rf1+ Kg8 34. Qf3 Bf6 35. Qxf6 1-0

[Event "Druzynowe Mistrzostwa Polski Juniorow - I Liga"]
[Site "Ustron"]
[Date "2011-06-29"]
[Round "5.14"]
[White "Gabryjalowicz, Jakub"]
[Black "Sleczka, Bartosz"]
[Result "0-1"]
[WhiteTitle "I"]
[BlackTitle "I"]
[WhiteElo "1749"]
[BlackElo "1895"]

1. e4 e5 2. Nf3 Nc6 3. Bc4 Bc5 4. c3 Nf6 5. d3 d6 6. Bb3 O-O 7. h3 Bb6 8. O-O
Qe7 9. Bg5 Nd8 10. Na3 c6 11. Nc4 Bc7 12. Ne3 Ne6 13. Nf5 Qd8 14. Bh4 Nf4
15. Nh2 Ng6 16. Bg3 d5 17. Qf3 Be6 18. Rad1 Qc8 19. Ng4 Nxe4 20. dxe4 dxe4
21. Bxe6 fxe6 22. Nfh6+ gxh6 23. Nxh6+ Kg7 24. Qe3 Nf4 25. Ng4 h5 26. Nh2 Ng6
27. Qxe4 h4 28. Bxh4 Rf4 29. Qe3 Rxh4 30. Ng4 Rh8 31. Rd2 Qe8 32. Qg5 Bd8
33. Qe3 Bf6 34. Rfd1 Rd8 35. Rxd8 Bxd8 36. Qxa7 Qf7 37. Qe3 Bc7 38. Qg5 b6
39. Rd3 e4 40. Rd1 Bf4 0-1

[Event "Druzynowe Mistrzostwa Polski Juniorow - I Liga"]
[Site "Ustron"]
[Date "2011-06-29"]
[Round "5.15"]
[White "Bus, Konrad"]
[Black "Kowalski, Maciej"]
[Result "1-0"]
[WhiteTitle "I"]
[BlackTitle "II+"]
[WhiteElo "1854"]
[BlackElo "1720"]

1. d4 d5 2. c4 c6 3. Nf3 Nf6 4. Nc3 a6 5. e3 b5 6. c5 Bg4 7. h3 Bh5 8. g4 Bg6
9. Ne5 Nfd7 10. Nxg6 hxg6 11. Bg2 e6 12. O-O Be7 13. e4 O-O 14. e5 a5 15. Be3
Qc7 16. f4 Rd8 17. Ne2 Na6 18. Rc1 a4 19. f5 exf5 20. gxf5 gxf5 21. Rxf5 f6
22. Nf4 Nf8 23. Qg4 fxe5 24. Rxf8+ Bxf8 25. Ng6 Re8 26. Rf1 Be7 27. dxe5 Rf8
28. Qe6+ Kh7 29. Nxe7 Rxf1+ 30. Bxf1 Kh8 31. Qf7 Qxe5 32. Ng6+ 1-0

[Event "Druzynowe Mistrzostwa Polski Juniorow - I Liga"]
[Site "Ustron"]
[Date "2011-06-29"]
[Round "5.16"]
[White "Wacior, Maciej"]
[Black "Kyc, Jerzy"]
[Result "1/2-1/2"]
[WhiteTitle "II"]
[BlackTitle "II"]
[WhiteElo "1668"]
[BlackElo "1628"]

1. d4 Nf6 2. c4 g6 3. Nc3 d5 4. cxd5 Nxd5 5. e4 Nxc3 6. bxc3 Bg7 7. Bf4 O-O
8. Bc4 c5 9. e5 Nc6 10. Ne2 e6 11. O-O Na5 12. Bb3 c4 13. Ba4 a6 14. Rb1 b5
15. Bc2 Bb7 16. Ng3 Bd5 17. Ne4 Bxe4 18. Bxe4 Rc8 19. Qg4 Nc6 20. Qf3 Qd7
21. Rfd1 Rc7 22. Qg3 Ne7 23. Rd2 Nd5 24. Bxd5 Qxd5 25. Qe3 Rb7 26. Rdb2 Rfb8
27. g4 a5 28. f3 b4 29. Qe4 Qxe4 30. fxe4 Bf8 31. Bd2 b3 32. axb3 cxb3 33. Ra1
Ra7 34. Ra4 Be7 35. Kg2 Bd8 36. Kg3 Bc7 37. Kf3 Kf8 1/2-1/2

[Event "Druzynowe Mistrzostwa Polski Juniorow - I Liga"]
[Site "Ustron"]
[Date "2011-06-29"]
[Round "5.17"]
[White "Tracz, Marcelina"]
[Black "Przybylska, Agata"]
[Result "1-0"]
[WhiteTitle "II+"]
[BlackTitle "II"]
[WhiteElo "1685"]
[BlackElo "1604"]

1. e4 e6 2. d4 d5 3. exd5 exd5 4. Nf3 Bd6 5. Bd3 Ne7 6. c3 Bf5 7. Be3 Nd7
8. Qc2 Bxd3 9. Qxd3 c6 10. Nbd2 Qc7 11. O-O f6 12. Rfe1 O-O-O 13. b4 g5 14. Nf1
h5 15. a4 h4 16. b5 g4 17. N3d2 Rh5 18. c4 Nf5 19. c5 Bf4 20. Bxf4 Qxf4
21. bxc6 Nf8 22. cxb7+ Kb8 23. c6 g3 24. fxg3 hxg3 25. Nxg3 (25. hxg3)
25... Qxg3 26. hxg3 Ng6 27. Re6 Rf8 28. Rb1 Rf7 1-0

[Event "Druzynowe Mistrzostwa Polski Juniorow - I Liga"]
[Site "Ustron"]
[Date "2011-06-29"]
[Round "5.19"]
[White "Zmarzly, Aleksandra"]
[Black "Swiech, Przemyslaw"]
[Result "0-1"]
[WhiteTitle "k+"]
[BlackTitle "I++"]
[WhiteElo "2091"]
[BlackElo "2219"]

1. e4 c5 2. Nf3 Nc6 3. Bb5 g6 4. O-O Bg7 5. c3 Nf6 6. Re1 O-O 7. d4 d5 8. e5
Ne4 9. Bd3 cxd4 10. cxd4 f6 11. Qb3 Kh8 12. Nc3 fxe5 13. dxe5 Nxc3 14. Qxc3 Bg4
15. Nh4 Qb6 16. Qd2 g5 17. h3 gxh4 18. hxg4 Nxe5 19. Bb1 Nxg4 20. Re2 Rac8
21. Bd3 e5 0-1

[Event "Druzynowe Mistrzostwa Polski Juniorow - I Liga"]
[Site "Ustron"]
[Date "2011-06-29"]
[Round "5.20"]
[White "Sobolewski, Bartosz"]
[Black "Malec, Robert"]
[Result "1/2-1/2"]
[WhiteTitle "II+"]
[BlackTitle "I"]
[WhiteElo "1889"]
[BlackElo "1830"]

1. d4 c5 2. d5 Nf6 3. c4 e6 4. Nc3 exd5 5. cxd5 d6 6. e4 g6 7. Nf3 Bg4 8. Be2
Bxf3 9. Bxf3 Bg7 10. O-O O-O 11. Bf4 a6 12. a4 Re8 13. Re1 Qc7 14. Qc2 Nbd7
15. Be2 h6 16. a5 g5 17. Bg3 Ne5 18. Nd1 Ng6 19. Ra4 Nd7 20. Ne3 Nde5 21. Nf5
Bf8 22. Qd2 Qd7 23. Ra3 Ne7 24. Bxe5 Nxf5 25. Bg4 Rxe5 26. Bxf5 Qd8 27. Rg3 Bg7
28. Rf1 Re8 29. f4 f6 30. Be6+ Kh8 31. fxg5 fxg5 32. Rf7 Rf8 33. Rgf3 Rxf7
34. Rxf7 b6 35. Qd3 bxa5 36. b3 Qb6 37. Kh1 Qb5 38. Qf3 Rb8 39. Rxg7 Kxg7
40. Qf7+ Kh8 1/2-1/2

[Event "Druzynowe Mistrzostwa Polski Juniorow - I Liga"]
[Site "Ustron"]
[Date "2011-06-29"]
[Round "5.21"]
[White "Terochin, Piotr"]
[Black "Marczuk, Dominik"]
[Result "1/2-1/2"]
[WhiteTitle "II"]
[BlackTitle "I"]
[WhiteElo "1704"]
[BlackElo "1924"]

1. e4 c5 2. Nf3 d6 3. d4 cxd4 4. Nxd4 Nf6 5. Nc3 a6 6. Bc4 e6 7. Bb3 b5 8. Bg5
Be7 9. Qf3 Qc7 10. O-O-O Nbd7 11. Kb1 b4 12. Nce2 Nc5 13. Ng3 Bb7 14. Bxf6 Bxf6
15. Qg4 g6 16. h4 h5 17. Qe2 O-O-O 18. f4 Kb8 19. f5 d5 20. Qe3 gxf5 21. exf5
e5 22. Nf3 d4 23. Qe1 a5 24. Ng5 Bxg5 25. hxg5 h4 26. Ne2 Be4 27. Nc1 Bxf5
28. Nd3 Nxb3 29. axb3 Rc8 30. Rc1 Bxd3 31. cxd3 Qxc1+ 32. Qxc1 Rxc1+ 33. Kxc1
Rh5 34. Rh3 Rxg5 35. Rxh4 Kc7 36. Rh7 Rf5 37. g4 Rf2 38. g5 Kd6 39. Rh6+ Kc5
40. g6 fxg6 41. Rxg6 Rf3 42. Kc2 Kd5 43. Ra6 Rf2+ 44. Kc1 Rf1+ 45. Kc2 Ra1
46. Ra8 Kd6 47. Ra6+ Kd5 48. Ra8 1/2-1/2

[Event "Druzynowe Mistrzostwa Polski Juniorow - I Liga"]
[Site "Ustron"]
[Date "2011-06-29"]
[Round "5.22"]
[White "Jajte-pachota, Maciej"]
[Black "Malecki, Mateusz"]
[Result "1/2-1/2"]
[WhiteTitle "II"]
[BlackTitle "II"]
[WhiteElo "1685"]
[BlackElo "1327"]

1. c4 e5 2. g3 Nf6 3. Bg2 Bc5 4. e3 Nc6 5. Nc3 d6 6. Nge2 O-O 7. O-O Bg4 8. h3
Bd7 9. a3 a5 10. b3 Bb6 11. Nd5 Nxd5 12. cxd5 Ne7 13. Bb2 c6 14. d4 exd4
15. Nxd4 Nxd5 16. e4 Nf6 17. Nf5 Bxf5 18. exf5 d5 19. Kh2 Re8 20. g4 Qd6+
21. f4 Be3 22. Be5 Rxe5 23. fxe5 Qxe5+ 24. Kh1 Ne4 25. Bxe4 Qxe4+ 26. Qf3 Qxf3+
27. Rxf3 d4 28. Rd1 c5 29. a4 h6 30. Rd3 Rb8 31. Kg2 Kf8 32. f6 g6 33. Rf1 Ke8
34. Re1 Kf8 35. Kf3 Re8 36. Rf1 Re6 37. Kg3 Bg5 38. Rdf3 Ke8 39. h4 Be3 40. h5
g5 41. Rf5 Bf4+ 42. R1xf4 gxf4+ 43. Kxf4 b6 44. Kg3 Re3+ 45. Rf3 Re5 46. Kf4
Rg5 47. Rf1 Rd5 48. Ke4 Rd7 49. g5 Kf8 50. g6 d3 51. g7+ Kg8 52. Rd1 d2 53. Kf5
Rd5+ 54. Ke4 Rd6 55. Ke5 Rd4 56. Kf5 Rd5+ 57. Ke4 Rd6 58. Ke5 Rd4 59. Kf5 Rd5+
60. Ke4 Rd6 1/2-1/2

[Event "Druzynowe Mistrzostwa Polski Juniorow - I Liga"]
[Site "Ustron"]
[Date "2011-06-29"]
[Round "5.23"]
[White "Barburzynska, Magdalena"]
[Black "Wozniak, Mariola"]
[Result "1/2-1/2"]
[WhiteTitle "I++"]
[BlackTitle "WCM"]
[WhiteElo "1936"]
[BlackElo "1788"]

1. e4 c5 2. Nf3 Nc6 3. Nc3 d6 4. d4 cxd4 5. Nxd4 g6 6. Be3 Bg7 7. Qd2 Nf6
8. f3 O-O 9. O-O-O Nxd4 10. Bxd4 Be6 11. Kb1 Qc7 12. g4 Rfc8 13. g5 Nh5
14. Bxg7 Nxg7 15. h4 Qa5 16. Nd5 Qxd2 17. Rxd2 Bxd5 18. exd5 Rc5 19. Bh3 b5
20. Rd4 Nf5 21. Bxf5 gxf5 22. Rhd1 Rac8 23. c3 Rc4 24. Kc2 Kg7 25. R1d3 Kg6
26. b3 R4c5 27. Kd2 a6 28. Re3 R8c7 29. a3 Kh5 30. Red3 Rc8 31. a4 R8c7 32. Rf4
Kg6 33. Rfd4 Rc8 34. Rb4 1/2-1/2

[Event "Druzynowe Mistrzostwa Polski Juniorow - I Liga"]
[Site "Ustron"]
[Date "2011-06-29"]
[Round "5.24"]
[White "Marczuk, Anna"]
[Black "Lascar, Radoslawa"]
[Result "1/2-1/2"]
[WhiteTitle "II+"]
[BlackTitle "II+"]
[WhiteElo "1628"]
[BlackElo "1580"]

1. e4 c5 2. Nf3 e6 3. d4 cxd4 4. Nxd4 Nf6 5. Nc3 Qb6 6. e5 Bc5 7. Ndb5 Bxf2+
8. Ke2 Ng4 9. h3 Ne3 10. Qd6 Nd5 11. Qxb6 Bxb6 12. Nd6+ Ke7 13. Nxd5+ exd5
14. g4 Nc6 15. Bf4 Bd4 16. Nf5+ Kf8 17. Nxd4 Nxd4+ 18. Kd3 Ne6 19. Bg3 b6
20. Bg2 Bb7 21. Ke2 Rc8 22. c3 Bc6 23. Rad1 Nc7 24. Kd2 Ke7 25. Kc1 Rhe8
26. Rhf1 Kf8 27. Rf2 Kg8 28. Rdf1 Bb5 29. Rd1 Bc6 30. Rdf1 Bb5 31. Rd1 Bc6
32. Rdf1 Bb5 33. Rd1 Bc6 34. Rdf1 1/2-1/2

[Event "Druzynowe Mistrzostwa Polski Juniorow - I Liga"]
[Site "Ustron"]
[Date "2011-06-29"]
[Round "5.25"]
[White "Wandzik, Wojciech"]
[Black "Lis, Marek"]
[Result "1-0"]
[WhiteTitle "k"]
[BlackTitle "I++"]
[WhiteElo "2239"]
[BlackElo "2116"]

1. e4 c5 2. Nf3 d6 3. d4 cxd4 4. Nxd4 Nf6 5. Nc3 a6 6. h3 e5 7. Nde2 b5 8. g4
Be6 9. Bg2 Be7 10. Ng3 O-O 11. g5 Nfd7 12. h4 Nb6 13. Nd5 Nc6 14. b3 Rc8
15. Be3 Bxd5 16. exd5 Nd4 17. Rc1 b4 18. Bxd4 exd4 19. Qxd4 f6 20. Nh5 Qe8
21. Nf4 Nd7 22. Ne6 Rf7 23. f4 a5 24. Be4 Nc5 25. g6 hxg6 26. Bxg6 f5 27. Qe3
Bf6 28. h5 Qd7 29. Bxf7+ Kxf7 30. Nxc5 dxc5 31. Qe6+ Qxe6+ 32. dxe6+ Kxe6
33. Kf2 a4 34. Kf3 Kd5 35. Rhe1 axb3 36. axb3 Rh8 37. Rcd1+ Kc6 38. Re6+ Kb5
39. Rdd6 Rb8 40. h6 c4 41. Rd5# 1-0

[Event "Druzynowe Mistrzostwa Polski Juniorow - I Liga"]
[Site "Ustron"]
[Date "2011-06-29"]
[Round "5.26"]
[White "Lewtak, Damian"]
[Black "Mroziak, Maciej"]
[Result "1/2-1/2"]
[WhiteTitle "I+"]
[BlackTitle "I++"]
[WhiteElo "2080"]
[BlackElo "2136"]

1. e4 c5 2. Nf3 g6 3. d4 cxd4 4. Nxd4 Nc6 5. c4 Bg7 6. Be3 Nf6 7. Nc3 Ng4
8. Qxg4 Nxd4 9. Qd1 Ne6 10. Qd2 Qa5 11. Rc1 b6 12. b3 Bb7 13. f3 g5 14. Nd5
Qxd2+ 15. Kxd2 Rc8 16. h4 h6 17. Bd3 d6 18. hxg5 hxg5 19. Rxh8+ Bxh8 20. Rh1
Be5 21. Rh7 Nf4 22. Nxf4 gxf4 23. Bf2 Bc6 24. a4 Bd7 25. g4 Be6 26. Bc2 Kd7
27. Kd3 Rh8 28. Rxh8 Bxh8 29. b4 Kc6 30. b5+ Kc7 31. Be1 Be5 32. Bd2 Kd7
33. Bc3 f6 34. Ke2 1/2-1/2

[Event "Druzynowe Mistrzostwa Polski Juniorow - I Liga"]
[Site "Ustron"]
[Date "2011-06-29"]
[Round "5.27"]
[White "Lizak, Jakub"]
[Black "Lewtak, Dominik"]
[Result "0-1"]
[WhiteTitle "II+"]
[BlackTitle "II+"]
[WhiteElo "1712"]
[BlackElo "1723"]

1. e4 c5 2. Nf3 a6 3. Nc3 e6 4. d4 cxd4 5. Nxd4 Qc7 6. Bd3 Nf6 7. O-O Bc5
8. Nb3 Be7 9. f4 d6 10. Qe2 Nbd7 11. Bd2 b6 12. Rae1 Bb7 13. e5 Nd5 14. Nxd5
Bxd5 15. c4 Bb7 16. Be4 Bxe4 17. Qxe4 Rc8 18. Rf3 Nc5 19. Nxc5 Qxc5+ 20. Kh1
O-O 21. Rc3 b5 22. b4 Qf2 23. exd6 Bxd6 24. c5 Bxc5 25. Rxc5 Qxd2 26. h3 Qxa2
27. Rec1 Rxc5 28. Rxc5 Rd8 29. Kh2 h6 30. f5 exf5 31. Rxf5 Qe6 32. Re5 Qd6
33. Kh1 Kf8 34. Qe1 f6 35. Re6 Qd1 36. Kh2 Qxe1 37. Rxe1 Rd4 0-1

[Event "Druzynowe Mistrzostwa Polski Juniorow - I Liga"]
[Site "Ustron"]
[Date "2011-06-29"]
[Round "5.29"]
[White "Panczuk, Joanna"]
[Black "Cyboran, Katarzyna"]
[Result "1-0"]
[WhiteTitle "I"]
[BlackTitle "I++"]
[WhiteElo "1679"]
[BlackElo "1806"]

1. e4 e6 2. d4 d5 3. Nd2 Nf6 4. e5 Nfd7 5. Bd3 c5 6. c3 Nc6 7. Ne2 cxd4
8. cxd4 f6 9. f4 fxe5 10. fxe5 Nb6 11. O-O Be7 12. Nb3 Kd7 13. Bd2 Kc7 14. Qc2
Bd7 15. Nc5 Rc8 16. b4 Kb8 17. Qb3 Qe8 18. a4 Na8 19. a5 Nc7 20. Nxd7+ Qxd7
21. b5 Nd8 22. b6 Ne8 23. bxa7+ Kxa7 24. Nc3 Nc7 25. Qb6+ Kb8 26. Rfb1 Qc6
27. Qb2 Ka7 28. Na4 Na6 29. Nb6 Rb8 30. Rc1 Qe8 31. Nc8+ Ka8 32. Qb6 Nc6
33. Nxe7 Na7 34. Qxe6 Nc6 35. Rxc6 bxc6 36. Bxa6 Rb2 37. Bc3 Rc2 38. Rb1 Rxc3
39. Bb7+ Ka7 40. Nc8+ Kb8 41. Qd6# 1-0